Normal view MARC view
  • Lear,

Entry Personal Name

Number of records used in: 1

001 - CONTROL NUMBER

  • control field: 42416

003 - CONTROL NUMBER IDENTIFIER

  • control field: TR-AnTOB

005 - DATE AND TIME OF LATEST TRANSACTION

  • control field: 20230612143551.0

008 - FIXED-LENGTH DATA ELEMENTS

  • fixed length control field: 140421n| azannaabn |a aaa

040 ## - CATALOGING SOURCE

  • Original cataloging agency: TR-AnTOB
  • Transcribing agency: TR-AnTOB

100 ## - HEADING--PERSONAL NAME

  • Personal name: Lear,
  • Titles and other words associated with a name: King of England (Legendary character)
  • Form subdivision: Drama
Devinim Yazılım Eğitim Danışmanlık tarafından Koha'nın orjinal sürümü uyarlanarak geliştirilip kurulmuştur.